000 01276cam a2200373 i 4500
999 _c510978
_d510978
001 18036997
005 20190905092839.0
008 130823s2013 ii b 000 0 eng d
010 _a 2013413372
016 7 _a016496286
_2Uk
020 _a9789350353493
020 _a9350353490
025 _aI-E-2013-413372; 71-90
035 _a(OCoLC)ocn857550104
035 _a(OCoLC)857550104
037 _aLibrary of Congress -- New Delhi Overseas Office
040 _aDKAGE
_beng
_erda
_cDKAGE
_dUKMGB
_dNDL
_dDLC
_erda
042 _alccopycat
_alcode
043 _aa-ii---
050 0 0 _aKNS1750
_b.K478 2013
082 0 4 _a342.54
_223
100 1 _aKhanna, H. R.
_q(Hans Raj),
_d1912-2008,
_eauthor.
_99851
240 1 0 _aWorks.
_kSelections
245 1 0 _aSelected writings of Justice H.R. Khanna /
_cedited by Lokendra Malik.
300 _axxxiii, 310 pages ;
_c25 cm
504 _aIncludes bibliographical references.
600 1 0 _aKhanna, H. R.
_q(Hans Raj),
_d1912-2008.
_99851
650 0 _aConstitutional law
_zIndia.
_99852
650 0 _aCivil rights
_zIndia.
_99853
650 0 _aJudicial power
_zIndia.
_99854
700 1 _aMalik, Lokendra,
_eeditor.
_99855
906 _a7
_bcbc
_ccopycat
_d2
_encip
_f20
_gy-gencatlg